000 00306 a2200157 4500
001 183045
020 _a85-280-0151-2
040 _cMagnum
100 _aAlbernaz, Kenneth
240 1 0 _aTocaia
_lpor
245 1 0 _aTocaia
300 _a81
362 0 _a1985
697 _aLITERATURA GERAL
942 _cBK
999 _c183045
_d183045